| 000 | 00000cam 2200000zi 4500 |
| 001 | 9.954819 |
| 003 | CaOODSP |
| 005 | 20260513140403 |
| 006 | m o d f |
| 007 | cr |n||||||||| |
| 008 | 250904t20262026onco o f000 0 eng d |
| 020 | |a9780660787848 |
| 040 | |aCaOODSP|beng|erda|cCaOODSP |
| 043 | |an-cn--- |
| 086 | 1 |aCi4-285/2025E-PDF |
| 245 | 00|aRed tape review progress report. |
| 264 | 1|a[Ottawa] : |bImmigration, Refugees and Citizenship Canada = Immigration, Réfugiés et Citoyenneté Canada, |c[2026] |
| 264 | 4|c©2026 |
| 300 | |a1 online resource (10 pages) : |bphotographs |
| 336 | |atext|btxt|2rdacontent |
| 337 | |acomputer|bc|2rdamedia |
| 338 | |aonline resource|bcr|2rdacarrier |
| 500 | |aIssued also in French under title: Rapport d’étape de l’examen du fardeau administratif |
| 500 | |a« IRCC 4293-04-2026. » |
| 610 | 10|aCanada. |bImmigration, Refugees and Citizenship Canada|xEvaluation. |
| 610 | 10|aCanada. |bImmigration, Refugees and Citizenship Canada|xPlanning. |
| 710 | 1 |aCanada. |bImmigration, Refugees and Citizenship Canada, |eissuing body. |
| 775 | 08|tImmigration, Réfugiés et Citoyenneté Canada, rapport d’étape de l’examen du fardeau administratif.|w(CaOODSP)9.954818 |
| 856 | 40|qPDF|s788 KB|uhttps://publications.gc.ca/collections/collection_2026/ircc/Ci4-285-2025-eng.pdf |
| 856 | 4 |qHTML|sN/A|uhttps://www.canada.ca/en/immigration-refugees-citizenship/corporate/mandate/acts-regulations/red-tape-report-2025.html |
| 986 | |a4293-04-2026 |